[Event "Budapest Vezerkepzo IM 8th"]
[Site "Budapest"]
[Date "2021.08.27"]
[Round "8"]
[White "Balla, Tamas Kristof"]
[Black "Goikhman, Valentin"]
[Result "1-0"]
[WhiteElo "2329"]
[BlackElo "2295"]
[PlyCount "81"]
[EventDate "2021.08.21"]
[EventType "swiss"]
[EventRounds "10"]
[EventCountry "HUN"]
[SourceTitle "CBM 204 Extra"]
[Source "ChessBase"]
[SourceDate "2021.11.30"]
[SourceVersion "1"]
[SourceVersionDate "2021.11.30"]
[SourceQuality "1"]

1. f4 d5 2. b3 d4 3. Bb2 c5 4. Nf3 Nc6 5. Na3 g6 6. e3 Bg7 7. Bb5 Bd7 8. Nc4 Nh6 9. 0-0 0-0 10. Bxc6 Bxc6 11. Nce5 Bb5 12. Re1 f6 13. Nd3 Bxd3 14. cxd3 e5 15. exd4 exd4 16. b4 b6 17. Qb3+ Kh8 18. Rac1 Qd6 19. g3 Rfe8 20. bxc5 Rxe1+ 21. Nxe1 bxc5 22. Ba3 Re8 23. Qb5 Re2 24. Qxc5 Qxc5 25. Bxc5 Rxd2 26. Rc2 Rd1 27. Re2 Kg8 28. Bxd4 a6 29. Bc3 f5 30. Bxg7 Kxg7 31. Kf1 Ng4 32. Rb2 Ra1 33. Ke2 Nxh2 34. d4 Ng4 35. d5 Nf6 36. d6 Kf7 37. Nf3 Ne4 38. Ne5+ Ke6 39. d7 Ke7 40. Rb8 Rxa2+ 41. Kf3 1-0

[Event "Budapest Vezerkepzo IM 8th"]
[Site "Budapest"]
[Date "2021.08.24"]
[Round "4"]
[White "Goikhman, Valentin"]
[Black "Farago, Sandor"]
[Result "0-1"]
[WhiteElo "2295"]
[BlackElo "2128"]
[PlyCount "76"]
[EventDate "2021.08.21"]
[EventType "swiss"]
[EventRounds "10"]
[EventCountry "HUN"]
[SourceTitle "CBM 204 Extra"]
[Source "ChessBase"]
[SourceDate "2021.11.30"]
[SourceVersion "1"]
[SourceVersionDate "2021.11.30"]
[SourceQuality "1"]

1. e4 c5 2. Nf3 d6 3. d4 cxd4 4. Nxd4 Nf6 5. Nc3 a6 6. h3 h5 7. Bc4 e6 8. a4 Qc7 9. Qe2 Nc6 10. Be3 Be7 11. 0-0 Na5 12. Ba2 Bd7 13. f4 Rc8 14. Rae1 Nc4 15. e5 Nxe3 16. Qxe3 dxe5 17. fxe5 Nh7 18. Kh1 0-0 19. Qf4 Bg5 20. Qf2 Qd8 21. Rd1 Qb6 22. Nxe6 Qxf2 23. Nxf8 Qxf1+ 24. Rxf1 Rxf8 25. Ne4 Be7 26. a5 Be6 27. Bxe6 fxe6 28. Rd1 Rd8 29. Rxd8+ Bxd8 30. Nc5 Bxa5 31. Nxe6 Bb6 32. b3 g5 33. h4 gxh4 34. Nf4 Bc7 35. Nd3 a5 36. c4 Ng5 37. Kg1 Ne4 38. Kh2 Nd2 0-1

[Event "Lvov Tradition IM 09"]
[Site "Lvov"]
[Date "2019.09.25"]
[Round "5"]
[White "Vakulenko, Aleksandr"]
[Black "Goikhman, Valentin"]
[Result "1-0"]
[WhiteElo "2167"]
[BlackElo "2295"]
[PlyCount "79"]
[EventDate "2019.09.23"]
[EventType "tourn"]
[EventRounds "9"]
[EventCountry "UKR"]
[SourceTitle "EXT 2020"]
[Source "ChessBase"]
[SourceDate "2019.10.17"]
[SourceVersion "1"]
[SourceVersionDate "2019.10.17"]
[SourceQuality "1"]

1. d4 Nf6 2. c4 e6 3. Nc3 Bb4 4. e3 c5 5. Nge2 b6 6. a3 Ba5 7. Rb1 Qe7 8. f3 0-0 9. d5 exd5 10. cxd5 Bb7 11. e4 Nh5 12. g4 Qh4+ 13. Kd2 Bxc3+ 14. bxc3 f5 15. gxh5 fxe4 16. Ng3 exf3 17. c4 d6 18. Qe1 Nc6 19. Qe4 Rf4 20. Qe6+ Kh8 21. dxc6 Bxc6 22. Bd3 Re8 23. Qxd6 Rf6 24. Qc7 f2 25. Bb2 Qg5+ 26. Kc3 Qe3 27. Rhd1 Ba4 28. Nf1 Qg5 29. Qg3 Qxh5 30. Kd2 Qh6+ 31. Ne3 Bxd1 32. Bxf6 Qxf6 33. Rxd1 Rd8 34. Rf1 Qd4 35. Nc2 Qxc4 36. Rxf2 Qd5 37. Qf3 Qd6 38. Qe4 g6 39. Kc3 b5 40. Bxb5 1-0

[Event "Lvov Tradition IM 09"]
[Site "Lvov"]
[Date "2019.09.24"]
[Round "2"]
[White "Goikhman, Valentin"]
[Black "Sevostianov, Pavel"]
[Result "1-0"]
[WhiteElo "2295"]
[BlackElo "2260"]
[PlyCount "85"]
[EventDate "2019.09.23"]
[EventType "tourn"]
[EventRounds "9"]
[EventCountry "UKR"]
[SourceTitle "EXT 2020"]
[Source "ChessBase"]
[SourceDate "2019.10.17"]
[SourceVersion "1"]
[SourceVersionDate "2019.10.17"]
[SourceQuality "1"]

1. d4 Nf6 2. c4 e6 3. Nf3 Bb4+ 4. Nc3 Ne4 5. Qb3 Bxc3+ 6. bxc3 0-0 7. e3 b6 8. Bd3 f5 9. 0-0 Bb7 10. Ne1 Nc6 11. f3 Na5 12. Qb1 Nf6 13. c5 Rb8 14. cxb6 axb6 15. c4 Ba6 16. Qc2 d6 17. Bd2 Qd7 18. Rd1 Qc6 19. Rc1 Ra8 20. Rf2 h6 21. h3 Bb7 22. Bb4 Qe8 23. Bf1 Nc6 24. Bc3 Ne7 25. Nd3 Ng6 26. Nf4 Nh4 27. d5 exd5 28. Bxf6 Rxf6 29. cxd5 Qxe3 30. Qd2 Qxd2 31. Rxd2 Rf7 32. Ne6 Rc8 33. Rdc2 Bxd5 34. Nf4 Bb7 35. Bc4 c6 36. Bxf7+ Kxf7 37. Nd5 b5 38. Nb6 Re8 39. Rd2 Re6 40. a4 bxa4 41. Rc4 c5 42. Rxh4 Bc6 43. Rc4 1-0

[Event "Lvov Tradition IM 09"]
[Site "Lvov"]
[Date "2019.09.23"]
[Round "1"]
[White "Rydstrom, Tom"]
[Black "Goikhman, Valentin"]
[Result "0-1"]
[WhiteElo "2322"]
[BlackElo "2295"]
[PlyCount "49"]
[EventDate "2019.09.23"]
[EventType "tourn"]
[EventRounds "9"]
[EventCountry "UKR"]
[SourceTitle "EXT 2020"]
[Source "ChessBase"]
[SourceDate "2019.10.17"]
[SourceVersion "1"]
[SourceVersionDate "2019.10.17"]
[SourceQuality "1"]

1. e4 c5 2. Nf3 d6 3. d4 cxd4 4. Nxd4 Nf6 5. Nc3 a6 6. Be2 e5 7. Nf5 d5 8. Bg5 d4 9. Bxf6 Qxf6 10. Nd5 Qd8 11. Bc4 Nc6 12. 0-0 g6 13. Ng3 Bg7 14. c3 0-0 15. cxd4 exd4 16. Rc1 Ne5 17. Bb3 Be6 18. Ne2 Nc6 19. h3 Rc8 20. Qd2 Kh8 21. Nef4 Qg5 22. Kh1 Bh6 23. Qd3 Bxd5 24. Nxd5 Ne5 25. Qd1 0-1

[Event "Netanya op"]
[Site "Netanya"]
[Date "2019.06.30"]
[Round "7"]
[White "Goikhman, Valentin"]
[Black "Khmelniker, Ilya"]
[Result "0-1"]
[WhiteElo "2320"]
[BlackElo "2483"]
[PlyCount "70"]
[EventDate "2019.06.23"]
[EventType "swiss"]
[EventRounds "9"]
[EventCountry "ISR"]
[SourceTitle "CBM 191 Extra"]
[Source "ChessBase"]
[SourceDate "2019.09.30"]
[SourceVersion "1"]
[SourceVersionDate "2019.09.30"]
[SourceQuality "1"]

1. e4 e5 2. Nf3 Nc6 3. d4 exd4 4. Nxd4 Bb4+ 5. c3 Bc5 6. Be3 Bb6 7. Nf5 Bxe3 8. Nxe3 Nge7 9. g3 0-0 10. Bg2 d6 11. 0-0 Be6 12. f4 f6 13. c4 a6 14. Nc3 Qb8 15. Kh1 b5 16. Ncd5 bxc4 17. Rc1 Bf7 18. Rxc4 Re8 19. Qd2 Nxd5 20. Nxd5 Ne7 21. e5 dxe5 22. Rxc7 Bxd5 23. Bxd5+ Kh8 24. Rb7 Qd8 25. Rd1 Qd6 26. fxe5 Qxe5 27. Bg2 Nf5 28. Rd7 Rab8 29. Rd5 Qe6 30. Rf1 Ne3 31. Re1 Qb6 32. Rd6 Qc5 33. Bc6 Nc4 34. Rxe8+ Rxe8 35. Rd8 Qxc6+ 0-1

[Event "Netanya op"]
[Site "Netanya"]
[Date "2019.06.27"]
[Round "5"]
[White "Goikhman, Valentin"]
[Black "Rechlis, Gad"]
[Result "0-1"]
[WhiteElo "2320"]
[BlackElo "2506"]
[PlyCount "64"]
[EventDate "2019.06.23"]
[EventType "swiss"]
[EventRounds "9"]
[EventCountry "ISR"]
[SourceTitle "CBM 191 Extra"]
[Source "ChessBase"]
[SourceDate "2019.09.30"]
[SourceVersion "1"]
[SourceVersionDate "2019.09.30"]
[SourceQuality "1"]

1. e4 c5 2. Nf3 e6 3. d4 cxd4 4. Nxd4 Nc6 5. Nc3 Qc7 6. Be3 a6 7. Bd3 Nf6 8. 0-0 b5 9. Re1 Bb7 10. Nxc6 Qxc6 11. a3 Be7 12. Qf3 0-0 13. Qh3 d6 14. Rad1 Rfd8 15. f4 h5 16. Kh1 Qc7 17. Bg1 e5 18. Qg3 d5 19. fxe5 Nxe4 20. Qf3 Qxe5 21. Nxd5 Bxd5 22. Bxe4 Bxe4 23. Rxe4 Qf6 24. Qxh5 Qg5 25. Qxg5 Bxg5 26. Ree1 Rxd1 27. Rxd1 Re8 28. Rd5 Bc1 29. b3 Re1 30. Rd3 Bxa3 31. g4 Bc5 32. Rg3 a5 0-1

[Event "Netanya op"]
[Site "Netanya"]
[Date "2019.06.26"]
[Round "4"]
[White "Kinberg, Ofer"]
[Black "Goikhman, Valentin"]
[Result "0-1"]
[WhiteElo "1962"]
[BlackElo "2320"]
[PlyCount "54"]
[EventDate "2019.06.23"]
[EventType "swiss"]
[EventRounds "9"]
[EventCountry "ISR"]
[SourceTitle "CBM 191 Extra"]
[Source "ChessBase"]
[SourceDate "2019.09.30"]
[SourceVersion "1"]
[SourceVersionDate "2019.09.30"]
[SourceQuality "1"]

1. e4 c5 2. Nf3 d6 3. d4 cxd4 4. Nxd4 Nf6 5. Nc3 a6 6. Be2 e5 7. Nf3 Be7 8. Bg5 Be6 9. Bxf6 Bxf6 10. Qd2 0-0 11. 0-0-0 Be7 12. Nd5 Bxd5 13. Qxd5 Qc7 14. Kb1 Nd7 15. Nd2 Rac8 16. Qd3 Nc5 17. Qf3 Ne6 18. Bc4 b5 19. Bb3 a5 20. c3 a4 21. Bd5 a3 22. b3 Nd4 23. Qd3 Qxc3 24. Qxc3 Rxc3 25. Nf1 Rc2 26. Ne3 Rb2+ 27. Ka1 Bg5 0-1

[Event "Netanya op"]
[Site "Netanya"]
[Date "2019.06.23"]
[Round "1"]
[White "Goikhman, Valentin"]
[Black "Zilbershtein, Victor"]
[Result "1-0"]
[WhiteElo "2320"]
[BlackElo "1772"]
[PlyCount "71"]
[EventDate "2019.06.23"]
[EventType "swiss"]
[EventRounds "9"]
[EventCountry "ISR"]
[SourceTitle "CBM 191 Extra"]
[Source "ChessBase"]
[SourceDate "2019.09.30"]
[SourceVersion "1"]
[SourceVersionDate "2019.09.30"]
[SourceQuality "1"]

1. e4 g6 2. d4 Bg7 3. Nf3 d6 4. Bc4 c6 5. Nc3 e6 6. 0-0 Nf6 7. e5 dxe5 8. Nxe5 0-0 9. Bb3 Nd5 10. Ne4 Qh4 11. Re1 h6 12. c4 Nc7 13. Qf3 Nd7 14. Bf4 Nxe5 15. Bxe5 Ne8 16. Rad1 f5 17. Nc5 Qe7 18. Bxg7 Nxg7 19. Nd3 Qf6 20. Re5 Rd8 21. Qe3 g5 22. f4 c5 23. Nxc5 b6 24. Nd3 a5 25. c5 b5 26. c6 Rd6 27. a4 b4 28. Nc5 Rxc6 29. Qf3 Raa6 30. Nxa6 Rxa6 31. d5 gxf4 32. Qxf4 Nh5 33. Qc4 Bb7 34. dxe6 Qxe5 35. e7+ Bd5 36. Qxd5+ 1-0

[Event "Ramat Gan Shavout"]
[Site "Ramat Gan"]
[Date "2019.06.08"]
[Round "3"]
[White "Goikhman, Valentin"]
[Black "Caspi, Israel"]
[Result "0-1"]
[WhiteElo "2320"]
[BlackElo "2458"]
[PlyCount "74"]
[EventDate "2019.06.08"]
[EventType "swiss"]
[EventRounds "9"]
[EventCountry "ISR"]
[SourceTitle "EXT 2020"]
[Source "ChessBase"]
[SourceDate "2019.10.17"]
[SourceVersion "1"]
[SourceVersionDate "2019.10.17"]
[SourceQuality "1"]

1. d4 f5 2. Nf3 g6 3. g3 Bg7 4. Bg2 Nf6 5. 0-0 0-0 6. Nbd2 Nc6 7. Re1 d5 8. c4 e6 9. Qb3 a5 10. a3 Ne4 11. e3 a4 12. Qc2 g5 13. Rd1 Bd7 14. b4 axb3 15. Nxb3 g4 16. Nfd2 b6 17. Bb2 h5 18. Nxe4 fxe4 19. Rac1 Qf6 20. Rd2 Ra7 21. Rf1 Nd8 22. Nc1 Nf7 23. Ne2 Ng5 24. Nf4 c6 25. Qc1 Nf3+ 26. Bxf3 gxf3 27. h4 Bh6 28. Kh2 Qf5 29. Rh1 e5 30. dxe5 Bxf4 31. Kg1 Bxe3 32. fxe3 f2+ 33. Kf1 Qh3+ 34. Rxh3 Bxh3+ 35. Ke2 f1Q+ 36. Qxf1 Bxf1+ 37. Ke1 Bxc4 0-1

[Event "Can Picafort"]
[Site "Can Picafort"]
[Date "2012.05.18"]
[Round "7"]
[White "Nicolas Zapata, Irene"]
[Black "Goikhman, Valentin"]
[Result "1-0"]
[WhiteElo "2244"]
[BlackElo "2279"]
[PlyCount "121"]
[EventDate "2012.05.14"]
[EventType "tourn"]
[EventRounds "9"]
[EventCountry "ESP"]
[EventCategory "3"]
[SourceTitle "EXT 2014"]
[Source "ChessBase"]
[SourceDate "2013.11.20"]
[SourceVersion "1"]
[SourceVersionDate "2013.11.20"]
[SourceQuality "1"]

1. d4 Nf6 2. Nf3 g6 3. c4 Bg7 4. Nc3 0-0 5. e4 d6 6. Be2 e5 7. Be3 Ng4 8. Bg5 f6 9. Bh4 exd4 10. Nxd4 Ne5 11. 0-0 Nbc6 12. f4 Nxd4 13. Qxd4 Nc6 14. Qd2 Be6 15. Rad1 Qd7 16. c5 Rad8 17. cxd6 cxd6 18. b3 Kh8 19. Nb5 d5 20. exd5 Bxd5 21. Bf3 Ne7 22. Nc3 Bc6 23. Qxd7 Rxd7 24. Rxd7 Bxd7 25. Bxb7 Bc6 26. Bxc6 Nxc6 27. Rd1 f5 28. Ne2 Re8 29. Kf1 Kg8 30. Rd6 Rc8 31. Be1 Rc7 32. Nc3 Nd4 33. Ne2 Nc2 34. Bd2 Kf7 35. Rd3 Bf6 36. Nc3 Nb4 37. Rh3 Bxc3 38. Bxc3 Nd5 39. Rxh7+ Ke6 40. Rxc7 Nxc7 41. Ke2 Kd5 42. Kd3 Ne6 43. Be5 a6 44. b4 Nd8 45. a4 Nc6 46. Bc3 Na7 47. h3 Nc8 48. g4 fxg4 49. hxg4 Nb6 50. a5 Nc8 51. f5 gxf5 52. gxf5 Nd6 53. f6 Ke6 54. Bd4 Kd5 55. Bc5 Nc4 56. Be7 Ne5+ 57. Ke3 Nf7 58. Kf4 Ke6 59. Ke4 Ne5 60. Kd4 Nd7 61. Kc4 1-0

[Event "Can Picafort"]
[Site "Can Picafort"]
[Date "2012.05.17"]
[Round "5"]
[White "Ali, Ehsan"]
[Black "Goikhman, Valentin"]
[Result "1/2-1/2"]
[WhiteElo "2353"]
[BlackElo "2279"]
[PlyCount "150"]
[EventDate "2012.05.14"]
[EventType "tourn"]
[EventRounds "9"]
[EventCountry "ESP"]
[EventCategory "3"]
[SourceTitle "EXT 2014"]
[Source "ChessBase"]
[SourceDate "2013.11.20"]
[SourceVersion "1"]
[SourceVersionDate "2013.11.20"]
[SourceQuality "1"]

1. e4 Nf6 2. e5 Nd5 3. d4 d6 4. Nf3 dxe5 5. Nxe5 Nd7 6. Nf3 c6 7. c4 Nc7 8. Nc3 g6 9. Be2 Bg7 10. 0-0 0-0 11. Be3 Nf6 12. h3 Nce8 13. Qd2 Nd6 14. Rfd1 Bf5 15. Bd3 Nfe4 16. Qc2 Nxc3 17. bxc3 Bxd3 18. Qxd3 b6 19. a4 Qc8 20. Bg5 Re8 21. Re1 Qf5 22. Qxf5 Nxf5 23. a5 h6 24. Bf4 g5 25. Be5 f6 26. Bh2 Nd6 27. Bxd6 exd6 28. Rxe8+ Rxe8 29. axb6 axb6 30. Ra6 Rb8 31. g4 f5 32. gxf5 c5 33. Kg2 Kf7 34. Kg3 Kf6 35. Ra7 h5 36. Nd2 Bf8 37. Rh7 Kxf5 38. Rxh5 Kg6 39. Rh8 d5 40. Kg4 dxc4 41. Nxc4 cxd4 42. cxd4 Kg7 43. Rh5 Be7 44. f4 Rd8 45. Ne3 gxf4 46. Nf5+ Kf6 47. Rh6+ Kf7 48. Rh7+ Kf6 49. Rxe7 f3 50. Rb7 Rg8+ 51. Kf4 f2 52. Rxb6+ Kf7 53. Ne3 Rg1 54. Rb7+ Kf6 55. Rb6+ Kf7 56. Rb2 f1Q+ 57. Nxf1 Rxf1+ 58. Ke5 Re1+ 59. Kd6 Re6+ 60. Kd5 Rh6 61. Rh2 Ke7 62. h4 Rh5+ 63. Kc6 Rh6+ 64. Kc5 Rh5+ 65. Kc6 Rh6+ 66. Kc5 Rh5+ 67. d5 Kd7 68. Kd4 Kd6 69. Ke4 Rxd5 70. h5 Ke6 71. h6 Rd8 72. Ra2 Kf7 73. Ra6 Kg8 74. Kf5 Kh7 75. Kf6 Rd1 1/2-1/2

[Event "Can Picafort"]
[Site "Can Picafort"]
[Date "2012.05.14"]
[Round "1"]
[White "Valles, Manuel"]
[Black "Goikhman, Valentin"]
[Result "1-0"]
[WhiteElo "2260"]
[BlackElo "2279"]
[PlyCount "63"]
[EventDate "2012.05.14"]
[EventType "tourn"]
[EventRounds "9"]
[EventCountry "ESP"]
[EventCategory "3"]
[SourceTitle "EXT 2014"]
[Source "ChessBase"]
[SourceDate "2013.11.20"]
[SourceVersion "1"]
[SourceVersionDate "2013.11.20"]
[SourceQuality "1"]

1. d4 Nf6 2. c4 g6 3. Nc3 Bg7 4. e4 d6 5. f3 0-0 6. Bg5 c5 7. d5 e6 8. Qd2 exd5 9. cxd5 a6 10. a4 Re8 11. Nge2 Nbd7 12. Ng3 Qa5 13. Ra3 Qb4 14. Be2 Rb8 15. Nd1 b5 16. axb5 Qxd2+ 17. Bxd2 axb5 18. b4 Ne5 19. 0-0 Nfd7 20. Ne3 h5 21. Rb1 c4 22. Nd1 Nb6 23. Nc3 Bd7 24. Nh1 Na4 25. Nf2 Ra8 26. Nxa4 Rxa4 27. Rxa4 bxa4 28. Nd1 f5 29. Nc3 a3 30. Ra1 fxe4 31. fxe4 Ra8 32. Ra2 1-0

[Event "Chigorin Memorial 19th"]
[Site "St Petersburg"]
[Date "2011.10.22"]
[Round "9"]
[White "Ivanov, Sergei V"]
[Black "Goikhman, Valentin"]
[Result "1/2-1/2"]
[WhiteElo "2055"]
[BlackElo "2261"]
[PlyCount "120"]
[EventDate "2011.10.14"]
[EventType "swiss"]
[EventRounds "9"]
[EventCountry "RUS"]
[SourceTitle "CBM 144 Extra"]
[Source "ChessBase"]
[SourceDate "2011.10.28"]
[SourceVersion "1"]
[SourceVersionDate "2011.10.28"]
[SourceQuality "1"]

1. Nf3 Nf6 2. g3 g6 3. Bg2 Bg7 4. 0-0 0-0 5. d3 Nc6 6. e4 e5 7. Nc3 d6 8. Ne1 Nd4 9. Ne2 d5 10. Nxd4 exd4 11. e5 Ng4 12. f4 h5 13. Nf3 c5 14. c3 dxc3 15. bxc3 Be6 16. Qe2 Rc8 17. d4 cxd4 18. cxd4 Bf5 19. Ne1 Qb6 20. Bb2 Bc2 21. Nxc2 Qxb2 22. Rfc1 Rxc2 23. Qxc2 Qxd4+ 24. Kh1 Nf2+ 25. Kg1 Nd3+ 26. Kh1 Nxc1 27. Rxc1 g5 28. Qc5 Qd2 29. Rf1 gxf4 30. gxf4 b6 31. Qxd5 Rd8 32. Qf3 Rd4 33. Qa8+ Rd8 34. Qxa7 Qd4 35. Qe7 Qd7 36. Qg5 Rc8 37. Qxh5 Qd2 38. Qg4 Rc1 39. h4 Rxf1+ 40. Bxf1 Qxa2 41. Qc8+ Bf8 42. Qg4+ Bg7 43. h5 Qa1 44. Kg2 Qa8+ 45. Kg3 Kh8 46. Qf5 Kg8 47. Bc4 Qe8 48. Qg5 Qc6 49. Qd8+ Bf8 50. Qg5+ Bg7 51. Bd3 Qc3 52. Qd8+ Bf8 53. Kg4 Qc6 54. Qg5+ Kh8 55. Kg3 Qc3 56. Qd8 Qe1+ 57. Kf3 Qh1+ 58. Ke3 Kg7 59. Qf6+ Kg8 60. Qg5+ Kh8 1/2-1/2

[Event "Chigorin Memorial 19th"]
[Site "St Petersburg"]
[Date "2011.10.20"]
[Round "7"]
[White "Butuc, Maria"]
[Black "Goikhman, Valentin"]
[Result "1/2-1/2"]
[WhiteElo "2183"]
[BlackElo "2261"]
[PlyCount "90"]
[EventDate "2011.10.14"]
[EventType "swiss"]
[EventRounds "9"]
[EventCountry "RUS"]
[SourceTitle "CBM 144 Extra"]
[Source "ChessBase"]
[SourceDate "2011.10.28"]
[SourceVersion "1"]
[SourceVersionDate "2011.10.28"]
[SourceQuality "1"]

1. Nf3 Nf6 2. c4 g6 3. Nc3 Bg7 4. g3 d5 5. cxd5 Nxd5 6. d4 c5 7. Bg2 Nc6 8. Nxd5 Qxd5 9. 0-0 cxd4 10. e3 Qd8 11. Nxd4 Nxd4 12. exd4 Qxd4 13. Qe2 0-0 14. Qxe7 Be6 15. Be3 Qxb2 16. Rab1 Qxa2 17. Qxb7 a5 18. Qxa8 Rxa8 19. Bxa8 h5 20. Be4 Qc4 21. Bg2 a4 22. Rfc1 Qd3 23. Bf1 Qe4 24. Bg2 Qf5 25. Rb8+ Kh7 26. Rb4 Qa5 27. Rb7 a3 28. Ra7 Qb4 29. Bc5 Qd2 30. Bxa3 Bd4 31. Rac7 Qxf2+ 32. Kh1 Qa2 33. Bc5 Bd5 34. Rxf7+ Bxf7 35. Bxd4 Bd5 36. Rg1 g5 37. h3 Kg6 38. Bc3 Qc4 39. Bxd5 Qxd5+ 40. Kh2 Qf3 41. Bd4 h4 42. Rg2 g4 43. hxg4 Qe4 44. Bc3 Qd3 45. Be5 Qe4 1/2-1/2

[Event "Chigorin Memorial 19th"]
[Site "St Petersburg"]
[Date "2011.10.18"]
[Round "5"]
[White "Levin, Evgeny A"]
[Black "Goikhman, Valentin"]
[Result "1-0"]
[WhiteElo "2481"]
[BlackElo "2261"]
[PlyCount "37"]
[EventDate "2011.10.14"]
[EventType "swiss"]
[EventRounds "9"]
[EventCountry "RUS"]
[SourceTitle "CBM 144 Extra"]
[Source "ChessBase"]
[SourceDate "2011.10.28"]
[SourceVersion "1"]
[SourceVersionDate "2011.10.28"]
[SourceQuality "1"]

1. d4 d5 2. c4 c6 3. Nf3 Nf6 4. e3 e6 5. Bd3 Nbd7 6. 0-0 Bd6 7. Nbd2 0-0 8. e4 e5 9. cxd5 cxd5 10. Re1 Re8 11. exd5 exd4 12. Rxe8+ Qxe8 13. Nc4 Bc5 14. a3 a5 15. Bd2 a4 16. Qc2 Nf8 17. Re1 Qd8 18. Nce5 b6 19. Ng5 1-0

[Event "Chigorin Memorial 19th"]
[Site "St Petersburg"]
[Date "2011.10.14"]
[Round "1"]
[White "Andriasian, Zaven"]
[Black "Goikhman, Valentin"]
[Result "1-0"]
[WhiteElo "2615"]
[BlackElo "2261"]
[PlyCount "53"]
[EventDate "2011.10.14"]
[EventType "swiss"]
[EventRounds "9"]
[EventCountry "RUS"]
[SourceTitle "CBM 144 Extra"]
[Source "ChessBase"]
[SourceDate "2011.10.28"]
[SourceVersion "1"]
[SourceVersionDate "2011.10.28"]
[SourceQuality "1"]

1. e4 Nf6 2. e5 Nd5 3. d4 d6 4. Nf3 dxe5 5. Nxe5 c6 6. c4 Nb4 7. Be3 Bf5 8. Na3 e6 9. g4 Be4 10. f3 f6 11. Nf7 Bxf3 12. Nxd8 Bxd1 13. Nxe6 Bf3 14. Rg1 N8a6 15. Rg3 Be4 16. Bd2 Kf7 17. Nxf8 Rhxf8 18. Rb3 c5 19. dxc5 Nc6 20. Rxb7+ Kg6 21. b4 Ne5 22. Re7 Rfe8 23. Rxe8 Rxe8 24. 0-0-0 Nxg4 25. Be2 Ne5 26. Rg1+ Kf7 27. Nb5 1-0

[Event "Pardubice Czech op 22nd"]
[Site "Pardubice"]
[Date "2011.07.25"]
[Round "4"]
[White "Potapov, Alexander1111"]
[Black "Goikhman, Valentin"]
[Result "1/2-1/2"]
[WhiteElo "2418"]
[BlackElo "2256"]
[PlyCount "80"]
[EventDate "2011.07.22"]
[EventType "swiss"]
[EventRounds "9"]
[EventCountry "CZE"]
[SourceTitle "CBM 143 Extra"]
[Source "ChessBase"]
[SourceDate "2011.08.29"]
[SourceVersion "1"]
[SourceVersionDate "2011.08.29"]
[SourceQuality "1"]

1. d4 Nf6 2. c4 e6 3. Nc3 Bb4 4. g3 c5 5. Nf3 cxd4 6. Nxd4 Ne4 7. Qd3 Qa5 8. Nb3 Qf5 9. Qe3 Nc6 10. Bg2 Nxc3 11. bxc3 Be7 12. c5 0-0 13. 0-0 b6 14. Nd4 Qxc5 15. Nxc6 dxc6 16. Qxc5 bxc5 17. Bxc6 Rb8 18. Rd1 Bf6 19. Be3 Bxc3 20. Rac1 Bd4 21. Bxd4 cxd4 22. Rxd4 Bb7 23. Bb5 g6 24. a4 Rfc8 25. Rxc8+ Rxc8 26. f3 Bd5 27. e4 Rc1+ 28. Kf2 Bc6 29. Be2 Ra1 30. Rd6 Bxa4 31. Ra6 Ra2 32. Rxa7 Bb3 33. Rxa2 Bxa2 34. e5 g5 35. Ke3 f6 36. Kd4 Kf7 37. f4 gxf4 38. gxf4 fxe5+ 39. Kxe5 Ke7 40. Bd3 h6 1/2-1/2

[Event "Pardubice Czech op 22nd"]
[Site "Pardubice"]
[Date "2011.07.22"]
[Round "1"]
[White "Goikhman, Valentin"]
[Black "Maximov, Dmitry"]
[Result "0-1"]
[WhiteElo "2256"]
[BlackElo "2479"]
[PlyCount "74"]
[EventDate "2011.07.22"]
[EventType "swiss"]
[EventRounds "9"]
[EventCountry "CZE"]
[SourceTitle "CBM 143 Extra"]
[Source "ChessBase"]
[SourceDate "2011.08.29"]
[SourceVersion "1"]
[SourceVersionDate "2011.08.29"]
[SourceQuality "1"]

1. d4 Nf6 2. c4 g6 3. Nc3 Bg7 4. e4 d6 5. Nf3 0-0 6. Be2 e5 7. dxe5 dxe5 8. Qxd8 Rxd8 9. Bg5 Re8 10. Nd5 Nxd5 11. cxd5 c6 12. Bc4 cxd5 13. Bxd5 Nd7 14. Nd2 Nc5 15. 0-0 Be6 16. Bxe6 Nxe6 17. Be3 Nd4 18. Bxd4 exd4 19. f4 Rac8 20. Rac1 d3 21. e5 f6 22. Rxc8 Rxc8 23. Rf3 Rd8 24. e6 Kf8 25. Rh3 h5 26. Rg3 g5 27. Rh3 h4 28. f5 Rd5 29. g4 hxg3 30. Rxg3 g4 31. Rxg4 Bh6 32. Rh4 Bxd2 33. Rh8+ Ke7 34. Rh7+ Kd8 35. Rh8+ Kc7 36. e7 Be3+ 37. Kg2 Re5 0-1

[Event "Herzliya op"]
[Site "Herzliya"]
[Date "2008.09.12"]
[Round "9"]
[White "Nakar, Eylon"]
[Black "Goikhman, Valentin"]
[Result "1-0"]
[WhiteElo "2087"]
[BlackElo "2207"]
[PlyCount "71"]
[EventDate "2008.09.02"]
[EventType "swiss"]
[EventRounds "9"]
[EventCountry "ISR"]
[SourceTitle "CBM 126 Extra"]
[Source "ChessBase"]
[SourceDate "2008.11.05"]
[SourceVersion "1"]
[SourceVersionDate "2008.11.05"]
[SourceQuality "1"]

1. e4 e6 2. d4 d5 3. Nd2 Nf6 4. e5 Nfd7 5. Bd3 c5 6. c3 Nc6 7. Ndf3 Be7 8. Ne2 Rb8 9. 0-0 b5 10. Nf4 b4 11. Be3 c4 12. Bc2 bxc3 13. bxc3 Qa5 14. Qd2 g6 15. Rab1 Rxb1 16. Bxb1 Nb6 17. h4 Bd7 18. Ne2 a6 19. Bh6 Rg8 20. Ng5 Bxg5 21. Bxg5 Na7 22. Bf6 h5 23. Qh6 Qa3 24. Nf4 Qf8 25. Qg5 Nb5 26. Rc1 Na4 27. Bd8 Qa3 28. Ba5 Qe7 29. Qg3 Qa3 30. Ne2 Qb2 31. Qg5 Kf8 32. Bb4+ Kg7 33. Qf6+ Kh7 34. Qxf7+ Rg7 35. Bxg6+ Kh6 36. Qf6 1-0

[Event "Herzliya op"]
[Site "Herzliya"]
[Date "2008.09.11"]
[Round "8"]
[White "Goikhman, Valentin"]
[Black "Cohen, Or"]
[Result "1/2-1/2"]
[WhiteElo "2207"]
[BlackElo "2278"]
[PlyCount "95"]
[EventDate "2008.09.02"]
[EventType "swiss"]
[EventRounds "9"]
[EventCountry "ISR"]
[SourceTitle "CBM 126 Extra"]
[Source "ChessBase"]
[SourceDate "2008.11.05"]
[SourceVersion "1"]
[SourceVersionDate "2008.11.05"]
[SourceQuality "1"]

1. d4 Nf6 2. Nf3 d5 3. c4 dxc4 4. e3 b5 5. a4 c6 6. b3 e6 7. bxc4 b4 8. c5 Nbd7 9. Bc4 Be7 10. a5 0-0 11. Bb2 e5 12. dxe5 Nd5 13. Nd4 Nxe5 14. Nxc6 Nxc6 15. Bxd5 Qc7 16. 0-0 Rb8 17. Nd2 Ne5 18. Nb3 Ba6 19. Bxe5 Qxe5 20. Re1 Bf6 21. e4 Qc7 22. Rc1 Bc3 23. Re3 Bc8 24. c6 Be6 25. Qd3 Rbd8 26. Qc4 Kh8 27. g3 Bc8 28. Rd3 f5 29. Qb5 fxe4 30. Bxe4 Qf7 31. Rxd8 Qxf2+ 32. Kh1 Rxd8 33. Rf1 Qe3 34. Qd5 Re8 35. Nc5 h6 36. c7 Bf6 37. Qc6 Rf8 38. Qd6 Re8 39. Qc6 Rf8 40. Bg2 Qe7 41. Nb7 Be5 42. Rxf8+ Qxf8 43. Nd8 Qf5 44. Bf3 Qb1+ 45. Kg2 Qb2+ 46. Kh1 Qb1+ 47. Kg2 Qb2+ 48. Kh1 1/2-1/2